| 000 | 00441cam a2200181ua 4500 | ||
|---|---|---|---|
| 020 | _c11.00 | ||
| 041 |
_ahin _h |
||
| 082 |
_a891.54 _bJAY/VI |
||
| 100 | _aJaynad, Nalin . | ||
| 245 |
_aVidhyapathi: Ek tulanatmak sameeksha / _cJaynad Nalin. _hTextual Documents |
||
| 250 |
_a1 / _b. |
||
| 260 |
_a : _bBangal and company , _c1961. |
||
| 300 | _a327 ; . | ||
| 365 | _a11.00 | ||
| 504 | _a | ||
| 942 | _cBK | ||
| 999 |
_c8378 _d8378 |
||